|
|
|
|
| LEADER |
00776nam a2200229 a 4500 |
| 001 |
GR-MES5225 |
| 008 |
991111s1999 mau 000 b eng d |
| 020 |
|
|
|a 0070593396
|
| 040 |
|
|
|a GrPaTEI
|b gre
|c GR-PaULI
|
| 245 |
0 |
0 |
|a Managerial accounting.
|
| 250 |
|
|
|a 4th
|
| 260 |
|
|
|a Boston :
|b Irwin,
|c 1999
|
| 300 |
|
|
|a 816σ.
|
| 500 |
|
|
|a Περιλαμβάνει ευρετήριο.
|
| 650 |
|
4 |
|a Λογιστική
|
| 650 |
|
4 |
|a Μάνατζμεντ
|
| 700 |
1 |
|
|a Hilton, R.
|
| 710 |
0 |
|
|a Irwin
|
| 942 |
|
|
|2 ddc
|
| 952 |
|
|
|0 0
|1 0
|2 ddc
|4 0
|6 658_151000000000000_1_HIL
|7 0
|9 275796
|a MSLG
|b MSLG
|c BSC
|d 2021-01-17
|e 24
|f 0
|g 0.00
|l 0
|o 658.151 1 HIL
|p 2420000015358
|r 2021-01-17 00:00:00
|t 1
|w 2021-01-17
|y BK15
|x 19991111 0 1
|x GrPaTEI
|
| 971 |
|
|
|a .b25836924
|b 15-04-20
|c 14-09-16
|
| 999 |
|
|
|c 159853
|d 159853
|